| 000 | 01258nam a2200253Ia 4500 | ||
|---|---|---|---|
| 999 |
_c43388 _d43388 |
||
| 001 | 10116 | ||
| 003 | GE_BSU | ||
| 005 | 20220530124816.0 | ||
| 008 | 181216s2014||||ge |||||||||||||| ||geo|| | ||
| 020 | _a9789941133251 | ||
| 040 | _cGE_BSU | ||
| 041 | _ageo | ||
| 080 | _a327(560)(075.8) თ–88 | ||
| 245 |
_aთურქეთის საგარეო პოლიტიკა, 1990-2008 წლები = Turkish foreign policy, 1990-2008 / _cთურქ. თარგმნა და გამოსაც. მოამზადა მაია მანჩხაშვილმა ; მთ. სამეცნ. რედ. ს. კაპანაძე. |
||
| 264 |
_aთბილისი : _bთსუ, _c2014. |
||
| 300 |
_a375 გვ.; _b24 სმ. |
||
| 500 | _aპარალ. თავფურ. ინგლ. | ||
| 501 | _aდანართი: გვ. 357-375. | ||
| 504 | _aბიბლიოგრ. ტექსტ. შენიშვნ. | ||
| 653 | _aთურქეთის საგარეო პოლიტიკა | ||
| 700 |
_aმანჩხაშვილი, მაია _eმთარგმნელი _913885 |
||
| 700 |
_aკაპანაძე, ს. _eრედაქტორი _913886 |
||
| 942 |
_cBK _2udc |
||